Major principles of media law (Record no. 366302)
[ view plain ]
| 000 -LEADER | |
|---|---|
| fixed length control field | 00555nam a22001937a 4500 |
| 003 - CONTROL NUMBER IDENTIFIER | |
| control field | 0 |
| 005 - DATE AND TIME OF LATEST TRANSACTION | |
| control field | 20240920165813.0 |
| 008 - FIXED-LENGTH DATA ELEMENTS--GENERAL INFORMATION | |
| fixed length control field | 240920b xxu||||| |||| 00| 0 eng d |
| 020 ## - INTERNATIONAL STANDARD BOOK NUMBER | |
| International Standard Book Number | 978-0-357-65706-5 |
| 050 ## - LIBRARY OF CONGRESS CALL NUMBER | |
| Classification number | KF 2750 |
| Item number | .B45 2023 |
| 100 ## - MAIN ENTRY--PERSONAL NAME | |
| Personal name | Belmas, Genelle I. |
| 245 ## - TITLE STATEMENT | |
| Title | Major principles of media law |
| Statement of responsibility, etc | Belmas, Genelle I. |
| 260 ## - PUBLICATION, DISTRIBUTION, ETC. (IMPRINT) | |
| Place of publication, distribution, etc | Australia |
| Name of publisher, distributor, etc | Cengage |
| Date of publication, distribution, etc | C2023 |
| 300 ## - PHYSICAL DESCRIPTION | |
| Extent | xix, 663p. |
| Other physical details | ill. |
| Dimensions | 23cm. |
| 500 ## - GENERAL NOTE | |
| General note | Mass media--law & legislation--US. |
| 500 ## - GENERAL NOTE | |
| General note | Freedom of information--US |
| 650 ## - SUBJECT ADDED ENTRY--TOPICAL TERM | |
| Topical term or geographic name as entry element | Includes index. |
| 942 ## - ADDED ENTRY ELEMENTS (KOHA) | |
| Source of classification or shelving scheme | Library of Congress Classification |
| Koha item type | Books |
| Withdrawn status | Lost status | Source of classification or shelving scheme | Damaged status | Home library | Current library | Shelving location | Date acquired | Source of acquisition | Sub Shelving location | Total Checkouts | Full call number | Barcode | Date last seen | Price effective from | Koha item type |
|---|---|---|---|---|---|---|---|---|---|---|---|---|---|---|---|
| Library of Congress Classification | College Library | College Library | Reserve Section | 09/20/2024 | Library Fund | KF 2750 .B45 2023 | C23649 | 09/20/2024 | 09/20/2024 | Books |